|
|
|
|
| LEADER |
000000sb a2200000 a 4500 |
| 005 |
20230308203711.0 |
| 008 |
002121| ||||||||r|||||||||||spa|| |
| 022 |
|
|
|a 1137-6635
|
| 040 |
|
|
|b spa
|
| 041 |
0 |
|
|a Es
|
| 082 |
0 |
|
|a 617.605
|b 29837-1
|
| 100 |
1 |
|
|a Wilcko, William M.Wilcko, M. ThomasBouquet, J. E.Ferguson, Donald J.
|9 278347
|
| 245 |
|
|
|a Ortodoncia rápida con remodelación alveolar: informes de dos casos de eliminación del apiñamiento
|c William M. Wilcko, et. al.
|h imp
|
| 264 |
|
|
|a Barcelona
|b Quintessence, S. L.
|c 2001
|
| 300 |
|
|
|a páginas: 9-19
|
| 300 |
|
|
|b ilus.
|
| 310 |
|
|
|a bimestral
|
| 362 |
|
|
|a 5; 1
|
| 520 |
3 |
|
|a Los informes de dos casos demuestran un nuevo método ortodóncico que permite completar el tratamiento en muy poco tiempo y remodelar y aumentar simultáneamente el espesor bucolingual del hueso alveolar de soporte.
|
| 650 |
1 |
|
|a Ortodoncia
|9 88532
|
| 650 |
1 |
|
|a Remodelacion alveolar
|9 278348
|
| 650 |
1 |
|
|a Apiñamiento
|9 278349
|
| 710 |
|
|
|a International Quintessence Publishing Group
|9 91976
|
| 773 |
0 |
|
|0 29837
|9 29837
|a Wilcko, William M.Wilcko, M. ThomasBouquet, J. E.Ferguson, Donald J. International Quintessence Publishing Group
|d Barcelona Quintessence, S. L. 2001
|o 29837
|w 29837
|x 1137-6635
|t Revista Internacional de Odontología restauradora y Periodoncia
|6 29837
|
| 852 |
|
|
|a UC-SALUD
|c HEMEROTECA
|f Compra
|k luis.contrerase
|l 1
|m General
|p 20021217
|q $ 160
|b 0
|d CDRS
|e CDRS
|g 617.605 29837-1 HEMEROTECA
|z 2002-21-21
|
| 942 |
|
|
|c SERA
|
| 999 |
|
|
|c 106762
|d 106762
|